[Event "Balatonlelle Rigo Memorial IM-B 4th"]
[Site "Balatonlelle"]
[Date "2025.06.27"]
[Round "9"]
[White "Halak, Miklos"]
[Black "Polyik, Peter"]
[Result "1/2-1/2"]
[WhiteElo "2243"]
[BlackElo "2351"]
[PlyCount "195"]
[EventDate "2025.06.21"]
[EventType "tourn"]
[EventRounds "9"]
[EventCountry "HUN"]
[SourceTitle "CB27_2025"]
[SourceDate "2025.07.02"]
[SourceVersion "1"]
[SourceVersionDate "2025.07.02"]
[SourceQuality "1"]

1. e4 e6 2. d4 d5 3. Nd2 c5 4. exd5 Qxd5 5. Ngf3 cxd4 6. Bc4 Qd7 7. 0-0 Nc6 8. Nb3 Nf6 9. Nbxd4 Nxd4 10. Qxd4 Qxd4 11. Nxd4 Bc5 12. Nb3 Bb6 13. a4 a6 14. Bf4 Bd7 15. a5 Ba7 16. Rfe1 0-0-0 17. c3 Bc6 18. Rad1 Rxd1 19. Rxd1 Rd8 20. Rxd8+ Kxd8 21. Kf1 Kd7 22. Nd2 Nh5 23. Bg3 f6 24. Bd3 g6 25. f3 Nxg3+ 26. hxg3 e5 27. g4 Ke6 28. Ke2 f5 29. gxf5+ gxf5 30. g4 fxg4 31. fxg4 h6 32. Be4 Bxe4 33. Nxe4 Kd5 34. Kd3 Bg1 35. Nf6+ Ke6 36. Ng8 Kf7 37. Nxh6+ Kg6 38. Nf5 Kg5 39. Ke4 Kxg4 40. Nd6 b6 41. axb6 Bxb6 42. Kxe5 Kf3 43. Kd5 Ke2 44. Kc4 Kd2 45. Nb7 Kc2 46. b4 Bc7 47. Nc5 Be5 48. Nxa6 Bxc3 49. b5 Ba5 50. Nb4+ Kb2 51. Kc5 Kb3 52. Nc6 Bc7 53. Nd4+ Ka4 54. Kc6 Ba5 55. Ne6 Kb4 56. Nc5 Kc4 57. Nb7 Bc7 58. Nc5 Ba5 59. Ne4 Kb4 60. Nd6 Bd8 61. Nc8 Ka5 62. Nd6 Kb4 63. Nf7 Bc7 64. Ng5 Ba5 65. Ne4 Bd8 66. Nc5 Ba5 67. Nd3+ Kc4 68. Nf4 Bc7 69. Nd3 Bd8 70. Ne5+ Kb4 71. Nf7 Bc7 72. Ng5 Ba5 73. Ne4 Bd8 74. Nd6 Ba5 75. Kb7 Bd8 76. Ka6 Ka4 77. Nb7 Bf6 78. Nc5+ Kb4 79. Ne6 Kc4 80. b6 Be5 81. Nc7 Kc5 82. Kb7 Bh2 83. Ne6+ Kd6 84. Nd4 Kd5 85. Nf3 Bg3 86. Kc8 Kc6 87. b7 Kb6 88. Nd4 Bh2 89. Nf5 Kc6 90. Ng7 Kb6 91. Ne6 Kc6 92. Nd8+ Kb6 93. Kd7 Bg3 94. Kc8 Bh2 95. Ne6 Kc6 96. Nf8 Kb6 97. Nd7+ Kc6 98. Nb8+ 1/2-1/2

[Event "Balatonlelle Rigo Memorial IM-B 4th"]
[Site "Balatonlelle"]
[Date "2025.06.21"]
[Round "1"]
[White "Polyik, Peter"]
[Black "Fodor, Balazs"]
[Result "1-0"]
[WhiteElo "2351"]
[BlackElo "2217"]
[PlyCount "63"]
[EventDate "2025.06.21"]
[EventType "tourn"]
[EventRounds "9"]
[EventCountry "HUN"]
[SourceTitle "CB27_2025"]
[SourceDate "2025.07.02"]
[SourceVersion "1"]
[SourceVersionDate "2025.07.02"]
[SourceQuality "1"]

1. d4 Nf6 2. Bg5 g6 3. Bxf6 exf6 4. c4 Bg7 5. Nc3 f5 6. e3 d6 7. Nge2 Nd7 8. g3 Nf6 9. Bg2 c6 10. Qd3 0-0 11. 0-0 a5 12. b3 Re8 13. a3 Qe7 14. b4 Ne4 15. b5 h5 16. Rab1 h4 17. bxc6 bxc6 18. Rb6 Bd7 19. Rb7 Bh6 20. Nxe4 fxe4 21. Bxe4 Rab8 22. Rxb8 Rxb8 23. Rb1 Rxb1+ 24. Qxb1 h3 25. Kf1 Kh7 26. Qd3 Qe8 27. f4 d5 28. cxd5 cxd5 29. Bxd5 Bb5 30. Bxf7 Qc6 31. Bxg6+ Kg7 32. Be4 1-0

[Event "Budapest One Week IM-A 08"]
[Site "Budapest"]
[Date "2024.08.14"]
[Round "1"]
[White "Polyik, Peter"]
[Black "Varga, Zoltan"]
[Result "1/2-1/2"]
[WhiteElo "2297"]
[BlackElo "2321"]
[PlyCount "44"]
[EventDate "2024.08.14"]
[EventType "tourn"]
[EventRounds "9"]
[EventCountry "HUN"]
[SourceTitle "EXT 2025"]
[Source "ChessBase"]
[SourceDate "2024.10.14"]
[SourceVersion "1"]
[SourceVersionDate "2024.10.14"]
[SourceQuality "1"]

1. e4 d6 2. d4 Nf6 3. Nc3 Nbd7 4. f4 e5 5. Nf3 exd4 6. Qxd4 c6 7. Be3 Qb6 8. 0-0-0 Qxd4 9. Bxd4 Be7 10. g3 0-0 11. Bg2 Re8 12. Rhe1 Bf8 13. e5 dxe5 14. fxe5 Ng4 15. Ne4 Ngxe5 16. Nxe5 Nxe5 17. Bxe5 Rxe5 18. Rd8 b6 19. Red1 Bb7 20. R8d7 Bc8 21. Rd8 Bb7 22. R8d7 Bc8 1/2-1/2

[Event "HUN-chT1 Maroczy 2324"]
[Site "Hungary"]
[Date "2023.10.15"]
[Round "2.3"]
[White "Polyik, Peter"]
[Black "Papp, Bence"]
[Result "1/2-1/2"]
[WhiteElo "2294"]
[BlackElo "2300"]
[PlyCount "77"]
[EventDate "2023.10.08"]
[EventType "team-tourn"]
[EventRounds "11"]
[EventCountry "HUN"]
[SourceTitle "EXT 2025"]
[Source "ChessBase"]
[SourceDate "2024.10.14"]
[SourceVersion "1"]
[SourceVersionDate "2024.10.14"]
[SourceQuality "1"]
[WhiteTeam "Kobanya Aquarena II"]
[BlackTeam "Maroczy"]
[WhiteTeamCountry "HUN"]
[BlackTeamCountry "HUN"]

1. c4 Nf6 2. g3 e6 3. Bg2 d5 4. Nf3 dxc4 5. Qa4+ Nbd7 6. Qxc4 a6 7. Qc2 c5 8. Nc3 Be7 9. 0-0 0-0 10. Rd1 Ra7 11. d4 b5 12. Bg5 Qc7 13. Rac1 Bb7 14. e4 b4 15. e5 bxc3 16. exf6 gxf6 17. Be3 cxb2 18. Qxb2 Bd5 19. dxc5 Rb7 20. Qd4 Bc6 21. Bh6 Kh8 22. Bxf8 Bxf8 23. Ng5 Bxg2 24. Kxg2 Bxc5 25. Rxc5 Qxc5 26. Qe4 fxg5 27. Qxb7 Ne5 28. Qxa6 Qc2 29. Rd4 Kg7 30. Qb5 Kf6 31. a4 Qc3 32. Rd8 Qf3+ 33. Kg1 Qe4 34. a5 Nf3+ 35. Kf1 Nxh2+ 36. Kg1 Nf3+ 37. Kf1 Nh2+ 38. Kg1 Nf3+ 39. Kf1 1/2-1/2

[Event "HUN-chT1 Maroczy 2223"]
[Site "Hungary"]
[Date "2022.12.04"]
[Round "2.2"]
[White "Papp, Bence"]
[Black "Polyik, Peter"]
[Result "1-0"]
[WhiteElo "2287"]
[BlackElo "2337"]
[PlyCount "73"]
[EventDate "2022.11.20"]
[EventType "team-tourn"]
[EventRounds "9"]
[EventCountry "HUN"]
[SourceTitle "EXT 2025"]
[Source "ChessBase"]
[SourceDate "2024.10.14"]
[SourceVersion "1"]
[SourceVersionDate "2024.10.14"]
[SourceQuality "1"]
[WhiteTeam "Meritum Egyesulet"]
[BlackTeam "Budapest Kobanya II"]
[WhiteTeamCountry "HUN"]
[BlackTeamCountry "HUN"]

1. d4 d5 2. Nf3 Nf6 3. Bf4 c5 4. e3 Nc6 5. Nbd2 Qb6 6. dxc5 Qxb2 7. Rb1 Qc3 8. Bb5 g6 9. e4 dxe4 10. Be5 Qa5 11. Bxc6+ bxc6 12. 0-0 exf3 13. Qxf3 Nd5 14. Bxh8 Qxd2 15. c4 f6 16. cxd5 Qxd5 17. Qc3 Kf7 18. Rbd1 Qf5 19. Rd8 Rb8 20. h3 h5 21. Qa5 Qg5 22. Bxf6 Qxf6 23. Qc7 Rb7 24. Qxc8 Bg7 25. Re1 Rb2 26. Rf1 Rxa2 27. Qd7 Qe6 28. Qe8+ Kf6 29. Rd3 Re2 30. Rg3 Qe4 31. h4 Bh6 32. Qh8+ Bg7 33. Qg8 Bh6 34. Rf3+ Bf4 35. Qf8+ Ke5 36. Qxe7+ Kf5 37. Qg5+ 1-0